Five Nights at Freddy’s Lore - Quiz - Statistics

General Stats
  • This quiz has been taken 376 times
  • The average score is 22 of 36
Answer Stats
Hint Answer % Correct
Who jumpscares you from the left in FNAF 1? Bonnie
98%
Which of the main five animatronics does not feature in FNAF 3? Bonnie
98%
Who jumpscares you from the right in FNAF 1? Chica
98%
Who sometimes flashes in front of your screen in FNAF 1? Golden Freddy
89%
Who calls you in FNAF 1? Phone guy
86%
Who jumpscares you from the cieling in FNAF 2? Mangle
84%
Is FNAF 2 a prequel or a sequel to FNAF 1? Prequel
81%
Who is the main antagonist of FNAF 3? Springtrap
81%
How many children were killed originally in FNAF 1? Five
79%
Who is inside the springtrap suit in FNAF 3? William Afton
79%
Who do you need to keep “asleep” in FNAF 2? The puppet
77%
What are the new and improved animatronics in FNAF 2 called? Toy Animatronics
71%
True or false: Is FNAF 5 the first game to have voicelines? True
69%
What is the iconic name of FNAF 5? Sister Location
68%
Who is the older brother of said protagonist? Michael Afton
66%
Who is the main protagonist of FNAF 4? Evan/The Crying Child
62%
What does Toy Chica’s bib say in FNAF 2? “Let’s Party!"
60%
Which animatronic bites down on the protagonist’s head? Fredbear
59%
What snack do you eat at the end of the days in FNAF 5? Popcorn
56%
What child possesses Circus Baby? Elizabeth Afton
52%
What is the room you die in at the end of FNAF 5 called? The Scooping Room
52%
What is the name of the hand puppet on Funtime Freddy in FNAF 5? Bon Bon
51%
When does FNAF 4 supposedly take place? 1983
50%
What animatronic was made to protect the Puppet in FNAF 6? L.E.F.T.E/Lefty
49%
What are the mini versions of Freddy called in FNAF 4? Freddles
47%
Who burns down the location in FNAF 6? Henry Emily
46%
How many endings are there in FNAF 6? Seven
46%
What is the name of the security guard you play as in FNAF 2? Jeremy Fitzgerald
45%
What are the animatronics in FNAF 3 called? Phantoms
45%
What event do you attend at the end of FNAF 4? Birthday party
44%
What is the location of FNAF 3 called? Fazbear Frights
42%
What animatronic is the combination of all those in FNAF 5 (minus Circus Baby) Molten Freddy
40%
Who do you learn possesses the Puppet in FNAF 6? Charlotte Emily
34%
What is the name of the tune that plays before Freddy jumpscares you in FNAF 1? Toreador March
34%
How many years in the future does FNAF 3 take place? 30 years
23%
What is the iconic name of FNAF 6? Pizzaria Simulator
22%
No matching quizzes found
Score Distribution
Percent of People with Each Score
Percentile by Number Answered
Your Score History
You have not taken this quiz